000 01754nam a2200277 i 4500
003 DO-SdBNP
005 20251120073733.0
007 ta
008 201015b2002 dr ||||| |||| 00| 0 spa d
040 _aDO-SdBNP
_bspa
_cBNPHU
_erda
082 4 _222
110 2 _aPontificia Universidad Católica Madre y Maestra
_9843
245 1 0 _aInforme de la comisión especial para la reforma constitucional :
_bcreada por el Presidente de la República, mediante decreto no. 410-01, del 21 de mayo de 2001. Recomendaciones para la reforma constitucional /
_ccuidado de edición, Carmen Pérez
264 _aSanto Domingo :
_bPUCMM,
_c2002.
300 _a99 páginas ;
_c21 cm.
336 _2rdacontent
_atexto
_btxt
337 _2rdamedia
_asin mediación
_bn
338 _2rdacarrier
_avolumen
_bnc
490 0 _aDocumentos
505 0 _aTítulo 1--
_tDe la nación Dominicana --
_gTítulo 2--
_tDe los derechos y deberes fundamentales --
_gTítulo 3--
_tDe la función ciudadana --
_gTítulo 4--
_tDel poder legislativo) (De la función legislativa) --
_gTítulo 5--
_t(Del poder ejecutivo) (De la función ejecutiva) --
_gTítulo 6--
_t(Del poder judicial) (De la función judicial) --
_gTítulo --7
_tDe las funciones regionales y locales --
_gTítulo 8--
_tDe la función electoral --
_gTítulo 9--
_tDe la función de contraloría --
_gTítulo 10--
_tDel régimen económico y financiero --
_gTítulo 11--
_tDe la defensa nacional y la seguridad pública --
_gTítulo 12--
_tDisposiciones generales --
_gTítulo 13--
_t De las reformas constitucionales.
590 _aInventariado, 2023/BT
700 1 _aPérez, Carmen,
_ecuidado de edición
_974186
710 2 _aPontificia Universidad Católica Madre y Maestra
_9843
910 _aBtavárez
942 _2ddc
_cLBS1
999 _c48890
_d48890